| 000 | 00716nam a22002297a 4500 | ||
|---|---|---|---|
| 005 | 20170124110212.0 | ||
| 010 | _aB-189912 | ||
| 020 |
_c00.00 _a9780070603646 |
||
| 035 | _aB-189912 | ||
| 037 | _bCen Lib/Ret | ||
| 040 |
_aDPL _bEN |
||
| 082 |
_a005.754 _bFUN |
||
| 245 |
_aFundamentals of mobile and pervasive computing / _cby Frank Adelstein...[et al.] |
||
| 260 |
_aNew Delhi _bTata McGraw Hill _c2005 |
||
| 270 |
_a7, West Patel Nagar _bNew Delhi _e110008 |
||
| 300 |
_axix,402p. _c22cm(pbk) |
||
| 500 | _aIncludes index | ||
| 650 |
_aMobile computing _938295 |
||
| 650 |
_aWireless communication systems _919678 |
||
| 700 |
_9474 _aAdelstein, Frank |
||
| 942 |
_2ddc _cEN _h005.754 _mFUN |
||
| 999 |
_c133564 _d133564 |
||